Biology of the vespine wasps
Saved in:
| Main Author: | |
|---|---|
| Other Authors: | |
| Format: | Book |
| Language: | English |
| Published: |
Berlin :
Springer-Verlag,
c1990
|
| Subjects: | |
| Tags: |
Add Tag
No Tags, Be the first to tag this record!
|
MARC
| LEADER | 00000pam a2200000 i 4500 | ||
|---|---|---|---|
| 001 | 1/2113 | ||
| 008 | 950808s1990 eng d | ||
| 020 | |a 3-540-51900-9 | ||
| 035 | |l 10014701 | ||
| 040 | |a GR-MY-UA |b gre |e aacr | ||
| 041 | 0 | |a eng | |
| 082 | 0 | |a 595.798 | |
| 100 | 1 | |a Matsuura, Makoto. | |
| 245 | 1 | 0 | |a Biology of the vespine wasps / |c M. Matsuura, S. Yamane ; Foreword by Shoichi F. Sakagami |
| 260 | |a Berlin : |b Springer-Verlag, |c c1990 | ||
| 300 | |a xix, 323 p.; |b ill.; |c 24 cm | ||
| 500 | |a Translation of: Suzumebachirui no hikaku kodogaku | ||
| 504 | |a Includes bibliography. Includes index | ||
| 650 | 0 | 0 | |a Vespidae |x Behavior. |
| 650 | 0 | 0 | |a Social behavior in animals. |
| 700 | 1 | |a Yamane, Seiki |d 1948- | |
| 852 | |a INST |b LESVOS |e 19950808 |h 595.798 MAT |p 005100007481 |q 005100007481 |t BK |y 0 | ||
| 909 | |a Λ |b 018167 | ||